Statistics for Mercedes benz body styles

Click here to take the quiz!

General Stats

  • This quiz has been taken 21 times
  • The average score is 7 of 22

Answer Stats

Answer% Correct
w123
83%
w124
67%
w211
67%
w202
56%
w203
56%
w204
56%
w210
50%
w140
44%
w212
44%
w126
39%
w201
39%
w206
33%
w116
28%
w114/w115
22%
w113
17%
w112
11%
w110
6%
w108/w109
0%
w111
0%
w120/w121
0%
w128
0%
w136
0%

Score Distribution

Percentile by Number Answered

Percent of People with Each Score

Your Score History

You have not taken this quiz